000 00532nam a2200157Ia 4500
005 20250528024657.0
008 240331s9999 xx 000 0 und d
020 _a955135804X
082 _bRUP
_a303
100 _aRupasinghe,K
245 0 _aSri Lankawe samaya udesa sahasammanthranaya :
_bdaru uthsahayan,asarthakaweem saha ugath padam
260 _aMaharagama
_bImpulse printers & publishers
_c2006
300 _a476 p .,
500 _aA book of Solidarity for peace Sri Lanka, (Attempt , failures and lessons learned)
942 _cL
999 _c5143
_d5143